Logo BPK

Biblioteka

Politechniki Koszalińskiej

Translation / (Rekord nr 41319)

Szczegóły MARC
000 -ETYKIETA REKORDU
podpole kontrolne o stałej długości 00766nam a2200241 i 4500
001 - NUMER KONTROLNY REKORDU
pole kontrolne bgj
020 ## - MIĘDZYNARODOWY ZNORMALIZOWANY NUMER KSIĄŻKI - ISBN
ISBN 0194371042 (pbk)
040 ## - ŹRÓDŁO KATALOGOWANIA
Instytucja, która utworzyła rekord BPK
041 0# - KOD JĘZYKA
Kod języka tekstu eng
920 ## - Międzynarodowy znormalizowany numer książki – ISBN
ISBN 0-19-437104-2 (pbk)
008 - POLE O STAŁEJ DŁUGOŚCI - DANE KONTROLNE
podpole kontrolne o stałej długości s uk f |000 0 eng
100 1# - NAZWA OSOBOWA
Nazwa osobowa DUFF, Alan
245 10 - TYTUŁ/ODPOWIEDZIALNOŚĆ
Tytuł Translation /
Pozostałe elementy strefy tytułu i oznaczenia odpowiedzialności Alan Duff.
250 ## - STREFA WYDANIA
Oznaczenie wydania [2nd impr.].
260 ## - STREFA ADRESU WYDAWNICZEGO
Miejsce wydania Oxford :
Nazwa wydawcy/dystrybutora Oxford University Press,
Data publikacji, dystrybucji/powstania dokumentu 1990.
300 ## - STREFA OPISU FIZYCZNEGO
Objętość [4], 160 pp :
Inne cechy fizyczne ill. ;
Rozmiary 25 cm.
490 1# - STREFA SERII I DOKUMENTU WIELOCZĘŚCIOWEGO - FORMA NIE DO WYSZUKIWANIA
Tytuł i oznaczenie odpowiedzialności serii Resource Books for Teachers / Alan Maley, series ed.
504 ## - UWAGA DOTYCZĄCA BIBLIOGRAFII
Informacje o bibliografii Bibliography p. 158-160.
650 #9 - HASŁO PRZEDMIOTOWE W FORMIE NAZWY OGÓLNEJ LUB JEDNOSTKOWEJ
Nazwa ogólna lub geograficzna English language
Określnik ogólny Study and teaching
-- Foreign speakers
650 #9 - HASŁO PRZEDMIOTOWE W FORMIE NAZWY OGÓLNEJ LUB JEDNOSTKOWEJ
Nazwa ogólna lub geograficzna Activity programmes in education
Określnik ogólny Translation
830 #0 - HASŁO DODATKOWE SERII LUB DOKUMENTU WIELOCZĘŚCIOWEGO - TYTUŁ UJEDNOLICONY
Tytuł ujednolicony Resource Books for Teachers (Alan Maley, series ed.)
856 ## - LOKALIZACJA I DOSTĘP DO ELEKTRONICZNYCH DOKUMENTÓW ZDALNYCH
Link (URL) http://koha.tu.koszalin.pl/cgi-bin/koha/opac-detail.pl?biblionumber=41319
Tekst linku Katalog online BPK
942 ## - DODATKOWE ELEMENTY (KOHA)
Typ dokumentu Książka
Egzemplarze
Wycofany Status egzemplarza Uszkodzony Dostępność Lokalizacja stała Lokalizacja bieżąca Miejsce przechowywania Sygnatura Kod kreskowy Typ dokumentu
      Tylko na miejscu Biblioteka Politechniki Koszalińskiej Biblioteka Politechniki Koszalińskiej Czytelnia Wydziałowa ul. Kwiatkowskiego 6e KA 1856 09030312 Książka
© 2023 Biblioteka Politechniki Koszalińskiej :: KOHA